000 00481nam a2200181Ia 4500
001 4541
005 20260306145803.0
008 260306t2009||||xx |||||||||||||| ||spa||
041 _aESP
082 _a324.298
_bD77
100 _aMendizabal, Enrique (ed.)
_eAUT
245 0 _aDime a quien escuchas...:
_bthink tanks y partidos políticos en América Latina
260 _c2009
300 _a248 páginas :
_c24 cm.
650 _aGEN
654 _aCDE
942 _cLIB
_dJUS
_fJUS
_2ddc
_n
999 _c4541
_d4541